आधुनिक निबंध भारती : (Record no. 118776)

MARC details
000 -LEADER
fixed length control field 01370nam a22002657a 4500
005 - DATE AND TIME OF LATEST TRANSACTION
control field 20170124103120.0
010 ## - LIBRARY OF CONGRESS CONTROL NUMBER
LC control number B-027165
020 ## - INTERNATIONAL STANDARD BOOK NUMBER
Terms of availability 150.00
035 ## - SYSTEM CONTROL NUMBER
System control number B-027165
037 ## - SOURCE OF ACQUISITION
Source of stock number/acquisition Cen Lib/Ret
040 ## - CATALOGING SOURCE
Original cataloging agency DPL
Language of cataloging HN
082 ## - DEWEY DECIMAL CLASSIFICATION NUMBER
Classification number 824
Item number शर्माओ
100 ## - MAIN ENTRY--PERSONAL NAME
Personal name शर्मा, ओमप्रकाश शास्त्री
9 (RLIN) 81859
245 ## - TITLE STATEMENT
Title आधुनिक निबंध भारती :
Statement of responsibility, etc ओमप्रकाश शर्मा शास्त्री ; संपादक लाल सिंह चौधरी
Remainder of title निबंध की आधुनिकतम पुस्तक /
246 ## - VARYING FORM OF TITLE
Title proper/short title Adhunik nibandh bharti : nibandh ki adhuniktam pustak
Remainder of title by Omprakash Sharma Shastri ; Lalsingh Choudhary
260 ## - PUBLICATION, DISTRIBUTION, ETC. (IMPRINT)
Place of publication, distribution, etc दिल्ली
Name of publisher, distributor, etc सन्मार्ग प्रकाशन
Date of publication, distribution, etc 1999
270 ## - ADDRESS
Address 16, यु. बी. बंगलो रोड जवाहर नगर
City दिल्ली
Postal code 110007
300 ## - PHYSICAL DESCRIPTION
Extent 224पृष्ठ.
Dimensions 20सेमी(सजिल्द)
650 ## - SUBJECT ADDED ENTRY--TOPICAL TERM
Topical term or geographic name as entry element हिंदी साहित्य
9 (RLIN) 81860
650 ## - SUBJECT ADDED ENTRY--TOPICAL TERM
Topical term or geographic name as entry element हिंदी निबंध - आधुनिक
9 (RLIN) 81861
650 ## - SUBJECT ADDED ENTRY--TOPICAL TERM
Topical term or geographic name as entry element Hindi literature
9 (RLIN) 81862
650 ## - SUBJECT ADDED ENTRY--TOPICAL TERM
Topical term or geographic name as entry element Hindi Essay - Modern
9 (RLIN) 81863
700 ## - ADDED ENTRY--PERSONAL NAME
Personal name चौधरी , लालसिंह
9 (RLIN) 81864
942 ## - ADDED ENTRY ELEMENTS (KOHA)
Source of classification or shelving scheme Dewey Decimal Classification
Koha item type Hindi Books
Classification part 824
Call number suffix शर्माओ
Holdings
Withdrawn status Lost status Damaged status Not for loan Home library Current library Date acquired Source of acquisition Cost, normal purchase price Total Checkouts Full call number Barcode Date last seen Copy number Cost, replacement price Price effective from Koha item type Source of classification or shelving scheme Date checked out
        Central Library Central Library 14/09/2015 1 150.00   824 शर्माओ B-027165 14/09/2015 1 150.00 14/09/2015 Hindi Books    
        Central Library Central Library 24/10/2016 Cen Lib/Ret 150.00 2 824 शर्माओ A-954867 23/10/2018 2 150.00 24/10/2016 Hindi Books Dewey Decimal Classification 09/10/2018

© Delhi Public Library
Hit Counter
free hit counter